000 00878cab a22002055a 4500
001 L143004
008 080401e20080320xxkao f 000 0 eng d
035 _a(Sirsi) u143004
041 0 _aeng
100 1 _aSpring, Martin
245 0 0 _aDare to be different
260 _c2008
490 0 _aBuilding
_v273(8520) 20 March 2008, 46-51(6)
520 _aReports on the £300m Elm Park scheme in Dublin, which combines high-density with low-energy. The mixed-use scheme brings together a hotel and private hospital, 28 500m2 of high-grade office space and 400 luxury apartments. Focuses on the green credentials of the scheme, such as the wind-powered ventilation and solar-powered heating in the three office blocks.
590 _aKA
651 4 _aUnited Kingdom
_y
690 _aBUILT ENVIRONMENT-SUSTAINABLE CONSTRUCTION
690 _aProject management
_96261
942 _n0
999 _c80011
_d80011